Cardinals of the Catholic Church - Statistics

General Stats
  • This quiz has been taken 266 times
  • The average score is 51 of 223
Answer Stats
Name Date of Birth Type Created Cardinal by Country of Birth % Correct
Raymond Leo BURKE 30-06-1948 Elector Benedict XVI United States of America
78%
Robert SARAH 15-06-1945 Elector Benedict XVI Guinea
76%
Luis Antonio Gokim TAGLE 21-06-1957 Elector Benedict XVI Philippines
70%
Timothy Michael DOLAN 06-02-1950 Elector Benedict XVI United States of America
67%
Pietro PAROLIN 17-01-1955 Elector Francis Italy
61%
Gerhard Ludwig MÜLLER 31-12-1947 Elector Francis Germany
59%
Péter ERDŐ 25-06-1952 Elector St. John Paul II Hungary
57%
Peter Kodwo Appiah TURKSON 11-10-1948 Elector St. John Paul II Ghana
56%
Giovanni Battista RE 30-01-1934 Non-Elector St. John Paul II Italy
52%
Joseph ZEN ZE-KIUN 13-01-1932 Non-Elector Benedict XVI China
52%
Francis ARINZE 01-11-1932 Non-Elector St. John Paul II Nigeria
50%
Matteo Maria ZUPPI 11-10-1955 Elector Francis Italy
50%
Blase J. CUPICH 19-03-1949 Elector Francis United States of America
48%
Angelo SCOLA 07-11-1941 Non-Elector St. John Paul II Italy
46%
Jean-Marc AVELINE 26-12-1958 Elector Francis France
43%
Joseph William TOBIN 03-05-1952 Elector Francis United States of America
43%
Reinhard MARX 21-09-1953 Elector Benedict XVI Germany
43%
Charles Maung BO 29-10-1948 Elector Francis Myanmar
41%
Marc OUELLET 08-06-1944 Elector St. John Paul II Canada
41%
Vinko PULJIĆ 08-09-1945 Elector St. John Paul II Bosnia and Herzegovina
41%
Fridolin AMBONGO BESUNGU 24-01-1960 Elector Francis Democratic Republic of the Congo
39%
Philippe BARBARIN 17-10-1950 Elector St. John Paul II France
39%
Seán Patrick O'MALLEY 29-06-1944 Elector Benedict XVI United States of America
39%
Gerard Vincent NICHOLS 08-11-1945 Elector Francis Great Britain
37%
Tarcisio BERTONE 02-12-1934 Non-Elector St. John Paul II Italy
37%
Antonio María ROUCO VARELA 20-08-1936 Non-Elector St. John Paul II Spain
35%
Kevin Joseph FARRELL 02-09-1947 Elector Francis United States of America
35%
Óscar Andrés RODRÍGUEZ MARADIAGA 29-12-1942 Non-Elector St. John Paul II Honduras
35%
Arthur ROCHE 06-03-1950 Elector Francis Great Britain
33%
Dominique MAMBERTI 07-03-1952 Elector Francis France
33%
Juan José OMELLA 21-04-1946 Elector Francis Spain
33%
Leonardo SANDRI 18-11-1943 Elector Benedict XVI Argentina
33%
Odilo Pedro SCHERER 21-09-1949 Elector Benedict XVI Brazil
33%
Walter KASPER 05-03-1933 Non-Elector St. John Paul II Germany
33%
Wilton Daniel GREGORY 07-12-1947 Elector Francis United States of America
33%
Anders ARBORELIUS 24-09-1949 Elector Francis Sweden
31%
Angelo AMATO 08-06-1938 Non-Elector Benedict XVI Italy
31%
Christoph SCHÖNBORN 22-01-1945 Elector St. John Paul II Austria
31%
Nicolás de Jesús LÓPEZ RODRÍGUEZ 31-10-1936 Non-Elector St. John Paul II Dominican Republic
31%
Adalberto MARTÍNEZ FLORES 08-07-1951 Elector Francis Paraguay
30%
Camillo RUINI 19-02-1931 Non-Elector St. John Paul II Italy
30%
Daniel Nicholas DiNARDO 23-05-1949 Elector Benedict XVI United States of America
30%
Giovanni Angelo BECCIU 02-06-1948 Non-Elector Francis Italy
30%
Josip BOZANIĆ 20-03-1949 Elector St. John Paul II Croatia
30%
Konrad KRAJEWSKI 25-11-1963 Elector Francis Poland
30%
Lluís MARTÍNEZ SISTACH 29-04-1937 Non-Elector Benedict XVI Spain
30%
Louis Raphaël SAKO 04-07-1948 Elector Francis Iraq
30%
Mario GRECH 20-02-1957 Elector Francis Malta
30%
Robert Walter McELROY 05-02-1954 Elector Francis United States of America
30%
Roger Michael MAHONY 27-02-1936 Non-Elector St. John Paul II United States of America
30%
Telesphore Placidus TOPPO 15-10-1939 Non-Elector St. John Paul II India
30%
Angelo COMASTRI 17-09-1943 Elector Benedict XVI Italy
28%
Cristóbal LÓPEZ ROMERO 19-05-1952 Elector Francis Marocco
28%
Fernando FILONI 15-04-1946 Elector Benedict XVI Italy
28%
Giorgio MARENGO 07-06-1974 Elector Francis Mongolia
28%
Gregorio ROSA CHÁVEZ 03-09-1942 Non-Elector Francis El Salvador
28%
Jose Fuerte ADVINCULA 30-03-1952 Elector Francis Philippines
28%
Juan de la Caridad GARCÍA RODRÍGUEZ 11-07-1948 Elector Francis Cuba
28%
Juan Luis CIPRIANI THORNE 28-12-1943 Elector St. John Paul II Peru
28%
Seán Baptist BRADY 16-08-1939 Non-Elector Benedict XVI Ireland
28%
Stanisław DZIWISZ 27-04-1939 Non-Elector Benedict XVI Poland
28%
Thomas Christopher COLLINS 16-01-1947 Elector Benedict XVI Canada
28%
Virgilio DO CARMO DA SILVA 27-11-1967 Elector Francis East Timor
28%
Walter BRANDMÜLLER 05-01-1929 Non-Elector Benedict XVI Germany
28%
Willem Jacobus EIJK 22-06-1953 Elector Benedict XVI Netherlands
28%
Adam Joseph MAIDA 18-03-1930 Non-Elector St. John Paul II United States of America
26%
Alberto SUÁREZ INDA 30-01-1939 Non-Elector Francis Mexico
26%
Angelo BAGNASCO 14-01-1943 Non-Elector Benedict XVI Italy
26%
Angelo DE DONATIS 04-01-1954 Elector Francis Italy
26%
Antonio CAÑIZARES LLOVERA 15-10-1945 Elector Benedict XVI Spain
26%
Audrys Juozas BAČKIS 01-02-1937 Non-Elector St. John Paul II Lithuania
26%
Crescenzio SEPE 02-06-1943 Elector St. John Paul II Italy
26%
Dominik DUKA 26-04-1943 Elector Benedict XVI Czech Republic
26%
Francisco ROBLES ORTEGA 02-03-1949 Elector Benedict XVI Mexico
26%
Jean-Claude HOLLERICH 09-08-1958 Elector Francis Luxembourg
26%
Norberto RIVERA CARRERA 06-06-1942 Non-Elector St. John Paul II Mexico
26%
Paulo Ceza COSTA 20-07-1967 Elector Francis Brazil
26%
Ricardo BLÁZQUEZ PÉREZ 13-04-1942 Non-Elector Francis Spain
26%
Rubén SALAZAR GÓMEZ 22-09-1942 Non-Elector Benedict XVI Colombia
26%
Daniel Fernando STURLA BERHOUET 04-07-1959 Elector Francis Uruguay
24%
Donald William WUERL 12-11-1940 Non-Elector Benedict XVI United States of America
24%
Ennio ANTONELLI 18-11-1936 Non-Elector St. John Paul II Italy
24%
Franc RODÉ 23-09-1934 Non-Elector Benedict XVI Slovenia
24%
Gianfranco RAVASI 18-10-1942 Non-Elector Benedict XVI Italy
24%
Kazimierz NYCZ 01-02-1950 Elector Benedict XVI Poland
24%
Kurt KOCH 15-03-1950 Elector Benedict XVI Switzerland
24%
Mario Aurelio POLI 29-11-1947 Elector Francis Argentina
24%
Mauro GAMBETTI 27-10-1965 Elector Francis Italy
24%
Michael CZERNY 18-07-1946 Elector Francis Canada
24%
Raffaele FARINA 24-09-1933 Non-Elector Benedict XVI Italy
24%
Rainer Maria WOELKI 18-08-1956 Elector Benedict XVI Germany
24%
Stanisław RYŁKO 04-07-1945 Elector Benedict XVI Poland
24%
Thomas Aquino Manyo MAEDA 03-03-1949 Elector Francis Japan
24%
Wilfrid Fox NAPIER 08-03-1941 Non-Elector St. John Paul II South Africa
24%
Albert Malcolm Ranjith PATABENDIGE DON 15-11-1947 Elector Benedict XVI Sri Lanka
22%
Alexandre DO NASCIMENTO 01-03-1925 Non-Elector St. John Paul II Angola
22%
António Augusto MARTO dos SANTOS 05-05-1947 Elector Francis Portugal
22%
Arlindo GOMES FURTADO 15-11-1949 Elector Francis Cape Verde
22%
Celestino AÓS BRACO 06-04-1945 Elector Francis Chile
22%
Domenico CALCAGNO 03-02-1943 Elector Benedict XVI Italy
22%
Edwin Frederick O'BRIEN 08-04-1939 Non-Elector Benedict XVI United States of America
22%
Estanislao Esteban KARLIC 07-02-1926 Non-Elector Benedict XVI Argentina
22%
Francesco MONTERISI 28-05-1934 Non-Elector Benedict XVI Italy
22%
Geraldo Majella AGNELO 19-10-1933 Non-Elector St. John Paul II Brazil
22%
Giovanni LAJOLO 03-01-1935 Non-Elector Benedict XVI Italy
22%
Giuseppe BETORI 25-02-1947 Elector Benedict XVI Italy
22%
Jean-Pierre RICARD 25-09-1944 Elector Benedict XVI France
22%
John Atcherley DEW 05-05-1948 Elector Francis New Zealand
22%
Lorenzo BALDISSERI 29-09-1940 Non-Elector Francis Italy
22%
Michale Louis FITZGERALD 17-08-1937 Non-Elector Francis Great Britain
22%
Oswald GRACIAS 24-12-1944 Elector Benedict XVI India
22%
Renato Raffaele MARTINO 23-11-1932 Non-Elector St. John Paul II Italy
22%
Salvatore DE GIORGI 06-09-1930 Non-Elector St. John Paul II Italy
22%
Santos ABRIL y CASTELLÓ 21-09-1935 Non-Elector Benedict XVI Spain
22%
Sérgio da ROCHA 21-10-1959 Elector Francis Brazil
22%
Francesco MONTENEGRO 22-05-1946 Elector Francis Italy
20%
Friedrich WETTER 20-02-1928 Non-Elector St. John Paul II Germany
20%
João Braz de AVIZ 24-04-1947 Elector Benedict XVI Brazil
20%
Justin Francis RIGALI 19-04-1935 Non-Elector St. John Paul II United States of America
20%
Kelvin Edward FELIX 15-02-1933 Non-Elector Francis St. Lucia
20%
Manuel CLEMENTE 16-07-1948 Elector Francis Portugal
20%
Manuel MONTEIRO de CASTRO 29-03-1938 Non-Elector Benedict XVI Portugal
20%
Polycarp PENGO 05-08-1944 Elector St. John Paul II Tanzania
20%
Raniero CANTALAMESSA 22-07-1934 Non-Elector Francis Italy
20%
Raymundo DAMASCENO ASSIS 15-02-1937 Non-Elector Benedict XVI Brazil
20%
Soane Patita Paini MAFI 19-12-1961 Elector Francis Tonga
20%
Carlos OSORO SIERRA 16-05-1945 Elector Francis Spain
19%
Gualtiero BASSETTI 07-04-1942 Non-Elector Francis Italy
19%
James Michael HARVEY 20-10-1949 Elector Benedict XVI United States of America
19%
Jorge Enrique JIMÉNEZ CARVAJAL 29-03-1942 Non-Elector Francis Colombia
19%
Mario ZENARI 05-01-1946 Elector Francis Italy
19%
Pedro Ricardo BARRETO JIMENO 12-02-1944 Elector Francis Peru
19%
Aquilino BOCOS MERINO 17-05-1938 Non-Elector Francis Spain
17%
Béchara Boutros RAÏ 25-02-1940 Non-Elector Benedict XVI Lebanon
17%
Carlos AGUIAR RETES 09-01-1950 Elector Francis Mexico
17%
Francisco Javier ERRÁZURIZ OSSA 05-09-1933 Non-Elector St. John Paul II Chile
17%
George ALENCHERRY 19-04-1945 Elector Benedict XVI India
17%
Giuseppe BERTELLO 01-10-1942 Non-Elector Benedict XVI Italy
17%
Jean-Baptiste PHAM MINH MÂN 05-03-1934 Non-Elector St. John Paul II Vietnam
17%
Joseph COUTTS 21-07-1945 Elector Francis Pakistan
17%
José SARAIVA MARTINS 06-01-1932 Non-Elector St. John Paul II Portugal
17%
Júlio Duarte LANGA 27-10-1927 Non-Elector Francis Mozambique
17%
Michael Michai KITBUNCHU 25-01-1929 Non-Elector St. John Paul II Thailand
17%
Oscar CANTONI 01-09-1950 Elector Francis Italy
17%
Paul Josef CORDES 05-09-1934 Non-Elector Benedict XVI Germany
17%
Paul POUPARD 30-08-1930 Non-Elector St. John Paul II France
17%
André VINGT-TROIS 07-11-1942 Non-Elector Benedict XVI France
15%
Anthony POOLA 15-11-1961 Elector Francis India
15%
Antoine KAMBANDA 10-11-1958 Elector Francis Rwanda
15%
Chibly LANGLOIS 29-11-1958 Elector Francis Haiti
15%
Ernest SIMONI 18-10-1928 Non-Elector Francis Albania
15%
Gaudencio Borbon ROSALES 10-08-1932 Non-Elector Benedict XVI Philippines
15%
Gérald Cyprien LACROIX 27-07-1957 Elector Francis Canada
15%
Giuseppe PETROCCHI 19-08-1948 Elector Francis Italy
15%
James Francis STAFFORD 26-07-1932 Non-Elector St. John Paul II United States of America
15%
Jānis PUJATS 14-11-1930 Non-Elector St. John Paul II Latvia
15%
José Tolentino de MENDONÇA 15-12-1965 Elector Francis Portugal
15%
Jozef DE KESEL 17-06-1947 Elector Francis Belgium
15%
Leonardo Ulrich STEINER 06-11-1950 Elector Francis Brazil
15%
Leopoldo José BRENES SOLÓRZANO 07-03-1949 Elector Francis Nicaragua
15%
Luis Francisco LADARIA FERRER 19-04-1944 Elector Francis Spain
15%
Orani João TEMPESTA 22-06-1950 Elector Francis Brazil
15%
Patrick D’ROZARIO 01-10-1943 Elector Francis Bangladesh
15%
Ricardo EZZATI ANDRELLO 07-01-1942 Non-Elector Francis Chile
15%
Sergio SEBASTIANI 11-04-1931 Non-Elector St. John Paul II Italy
15%
William Seng Chye GOH 25-06-1957 Elector Francis Singapore
15%
Agostino VALLINI 17-04-1940 Non-Elector Benedict XVI Italy
13%
Álvaro Leonel RAMAZZINI IMERI 16-07-1947 Elector Francis Guatemala
13%
Beniamino STELLA 18-08-1941 Non-Elector Francis Italy
13%
Enrico FEROCI 27-08-1940 Non-Elector Francis Italy
13%
Eugenio DAL CORSO 16-05-1939 Non-Elector Francis Angola
13%
Filipe Neri António Sebastião do Rosário FERRÃO 20-01-1953 Elector Francis India
13%
Fortunato FREZZA 06-02-1942 Non-Elector Francis Italy
13%
Francesco COCCOPALMERIO 06-03-1938 Non-Elector Benedict XVI Italy
13%
Gianfranco GHIRLANDA 05-07-1942 Non-Elector Francis Italy
13%
Jean-Pierre KUTWA 22-12-1945 Elector Francis Ivory Coast
13%
John NJUE 31-12-1944 Elector Benedict XVI Kenya
13%
John RIBAT 09-02-1957 Elector Francis Papua New Guinea
13%
Julián HERRANZ 31-03-1930 Non-Elector St. John Paul II Spain
13%
Lucian MUREŞAN 23-05-1931 Non-Elector Benedict XVI Romania
13%
Maurice PIAT 19-07-1941 Non-Elector Francis Mauritius
13%
Mauro PIACENZA 15-09-1944 Elector Benedict XVI Italy
13%
Miguel Ángel AYUSO GUIXOT 17-06-1952 Elector Francis Spain
13%
Paolo ROMEO 20-02-1938 Non-Elector Benedict XVI Italy
13%
Peter Ebere OKPALEKE 01-03-1963 Elector Francis Nigeria
13%
Pierre NGUYÊN VĂN NHON 01-04-1938 Non-Elector Francis Vietnam
13%
Silvano Maria TOMASI 12-10-1940 Non-Elector Francis Italy
13%
Théodore-Adrien SARR 28-11-1936 Non-Elector Benedict XVI Senegal
13%
Thomas Stafford WILLIAMS 20-03-1930 Non-Elector St. John Paul II New Zealand
13%
Anthony Olubunmi OKOGIE 16-06-1936 Non-Elector St. John Paul II Nigeria
11%
Arrigo MIGLIO 18-07-1942 Non-Elector Francis Italy
11%
Felipe ARIZMENDI ESQUIVEL 01-05-1940 Non-Elector Francis Mexico
11%
Francis Xavier Kriengsak KOVITHAVANIJ 27-06-1949 Elector Francis Thailand
11%
Gabriel ZUBEIR WAKO 27-02-1941 Non-Elector St. John Paul II Sudan
11%
Jean ZERBO 27-12-1943 Elector Francis Mali
11%
Juan SANDOVAL ÍÑIGUEZ 28-03-1933 Non-Elector St. John Paul II Mexico
11%
Julius Riyadi DARMAATMADJA 20-12-1934 Non-Elector St. John Paul II Indonesia
11%
Karl-Josef RAUBER 14-04-1934 Non-Elector Francis Germany
11%
Lazzaro YOU HEUNG-SIK 17-11-1951 Elector Francis Korea
11%
Nicolás de Jesús Augusto Paolo LOJUDICE 01-07-1964 Elector Francis Italy
11%
Pedro RUBIANO SÁENZ 13-09-1932 Non-Elector St. John Paul II Colombia
11%
Andrew YEOM SOO JUNG 05-12-1943 Elector Francis Korea
9%
Edoardo MENICHELLI 14-10-1939 Non-Elector Francis Italy
9%
John TONG HON 31-07-1939 Non-Elector Benedict XVI China
9%
José Luis LACUNZA MAESTROJUÁN 24-02-1944 Elector Francis Panama
9%
Toribio PORCO TICONA 25-04-1937 Non-Elector Francis Bolivia
9%
Baltazar Enrique PORRAS CARDOZO 10-10-1944 Elector Francis Venezuela
7%
Dieudonné NZAPALAINGA 14-03-1967 Elector Francis Central African Republic
7%
Emmanuel WAMALA 15-12-1926 Non-Elector St. John Paul II Uganda
7%
Fernando VÉRGEZ ALZAGA 01-03-1945 Elector Francis Spain
7%
Giuseppe VERSALDI 30-07-1943 Elector Benedict XVI Italy
7%
Marcello SEMERARO 22-12-1947 Elector Francis Italy
7%
Orlando B. QUEVEDO 11-03-1939 Non-Elector Francis Philippines
7%
Antonio Maria VEGLIÒ 03-02-1938 Non-Elector Benedict XVI Italy
6%
Baselios Cleemis THOTTUNKAL 15-06-1959 Elector Benedict XVI India
6%
Sigitas TAMKEVIČIUS 07-11-1938 Non-Elector Francis Lithuania
6%
Berhaneyesus Demerew SOURAPHIEL 14-07-1948 Elector Francis Ethiopia
4%
Désiré TSARAHAZANA 13-06-1954 Elector Francis Madagascar
4%
Ignatius SUHARYO HARDJOATMODJO 09-07-1950 Elector Francis Indonesia
4%
John Olorunfemi ONAIYEKAN 29-01-1944 Elector Benedict XVI Nigeria
4%
Louis-Marie Ling MANGKHANEKHOUN 08-04-1944 Elector Francis Laos
4%
Luis Héctor VILLALBA 11-10-1934 Non-Elector Francis Argentina
4%
Philippe Nakellentuba OUÉDRAOGO 25-01-1945 Elector Francis Burkina Faso
4%
No matching quizzes found
Score Distribution
Percent of People with Each Score
Percentile by Number Answered
Your Score History
You have not taken this quiz